| 000 | 02192nam a22003497a 4500 | ||
|---|---|---|---|
| 001 | 101110 | ||
| 003 | KnowledgeUnlatched | ||
| 005 | 20210303105142.0 | ||
| 006 | m o d | ||
| 007 | cr u|||||||||| | ||
| 008 | 210129p20182019mau o u00| u eng d | ||
| 037 | _5BiblioBoard | ||
| 245 | 0 | 0 |
_aGendered Violence _bJewish Women in the Pogroms of 1917 to 1921 / _cIrina Astashkevich. |
| 020 | _a9781618119070 | ||
| 029 | 1 | _ahttps://library.biblioboard.com/ext/api/media/e17ea888-22ac-4429-959a-7534cb7ed0c0/assets/thumbnail.jpg | |
| 040 |
_aScCtBLL _cScCtBLL |
||
| 100 | 1 |
_aAstashkevich, Irina _eauthor. |
|
| 264 | 1 | _bAcademic Studies Press, | |
| 300 | _a1 online resource (171 p.) | ||
| 506 | 0 |
_aAccess copy available to the general public. _fUnrestricted _2star |
|
| 520 | _aThis is a groundbreaking study of an important and neglected topicâ€"the systematic use of rape as a strategic weapon of the genocidal anti-Jewish violence, known collectively as pogroms, that erupted in Ukraine in the period between 1917 and 1921, and in which at least 100,000 Jews died and undocumented numbers of Jewish women were raped. The book is based on the in-depth study of the scores of narratives of Jewish men and women who survived the pogrom violence, but were then all but forgotten for almost a century. This book deconstructs the motives of perpetrators, the experience and expression of trauma by the victimized community, and how the genocidal objectives of the pogrom perpetrators were achieved and maximized through the macabre carnival of violence. | ||
| 588 | 0 | _aDescription based on print version record. | |
| 590 | _aKU Select 2017: Front list Collection | ||
| 650 | 7 |
_aHistory / Europe / Eastern _2bisacsh |
|
| 650 | 0 | _aHistory | |
| 655 | 0 | _aElectronic books. | |
| 758 |
_iIs found in: _aKnowledge Unlatched _1https://openresearchlibrary.org/module/2774bc74-146a-484f-a7ba-ab1d6a09bbfb |
||
| 856 | 4 | 0 |
_uhttps://openresearchlibrary.org/content/e17ea888-22ac-4429-959a-7534cb7ed0c0 _zView this content on Open Research Library. _70 |
| 999 |
_c33778 _d33778 |
||